Quizzes
Events
Quiz Creation
Community
Videos
Private Events
Remove Ads
Sign In
Join for FREE
Feedback
Dark Mode
Quiz Categories
Sports
Geography
Music
Movies
Television
Just For Fun
Miscellaneous
History
Literature
Language
Science
Gaming
Entertainment
Religion
Holiday
For Kids
Quiz Lab
Recent
Popular Today
Quiz Kudos Today
Editor Picks
Curator Picks
Quizzes by...
Day
Popularity
Type
Ratings
Length
Year
Community
Subscriptions
Recent Discussions
Orange Saloon
Badges
Playlists
Quests
Create
Leaderboards
Showdown
Live 5
Trivia Bingo
Activity
Puzzle Library
Sporcle Events
Private Events
Virtual Trivia
Globe League
Become a Host
Pub Owners
SporcleCon
Opinionation
Our Games
Videos
Blog
Mobile Apps
Partnerships
Remove Ads and Go Orange
Feedback
Gaming
Video Games
Board Games
Card Games
Pokémon
Mario
Nintendo
Minecraft
Console
Toys
Legend of Zelda
Gaming
Video Games
Board Games
Card Games
Pokémon
Mario
Nintendo
Minecraft
Console
Toys
Legend of Zelda
Random Quiz
Search Sporcle
×
Quiz Lab
Quiz Lab
Gaming
Pokémon
Type in answers that appear in a list
Type in answers that appear in a list
Classic
Best Score? Go Orange.
7th Generation Pokemon Stats
Can you name the 7th Generation Pokemon that have been revealed so far?
By
KingMarf
3m
25 Questions
235 Plays
235 Plays
235 Plays
Comments
Comments
Give Quiz Kudos
Give Quiz Kudos
-
- Ratings
hide this ad
More Info
Replay
Link that replays current quiz
Next Quiz
Link to next quiz in quiz playlist
You Got
0%
They Got
Avg Score
60%
Avg Friend Score
Upgrade to see
Score Distribution
Jump to the score distribution portion of the page
Score
0/25
Timer
03:00
0
Plays Today
Typing
Answer
% Correct
Fire
Litten
96.6%
Grass/
Flying
Rowlet
94.5%
Water
Popplio
89.4%
Rock
Rockruff
81.3%
Bug
Grubbin
70.6%
Bug/
Electric
Vikavolt
68.1%
Normal/
Dragon
Drampa
67.2%
Normal/
Flying
Pikipek
66.4%
Bug/
Electric
Charjabug
65.1%
Normal
Yungoos
64.3%
Poison/
Fire
Salandit
63.4%
Psychic/
Ghost
Lunala
60.4%
Ghost/
Fairy
Mimikyu
58.7%
Typing
Answer
% Correct
Psychic/
Steel
Solgaleo
58.7%
Electric/
Steel
Togedemaru
57.4%
Water/
Psychic
Bruxish
57%
Bug/
Fairy
Cutiefly
57%
Electric/
Fairy
Tapu Koko
51.5%
Steel/
Fairy
Magearna
51.5%
Normal/
Fighting
Bewear
51.1%
Bug/
Water
Wimpod
43%
Ground
Mudsdale
43%
Grass
Bounsweet
39.9%
Normal
Komala
36.6%
Fairy
Comfey
34.5%
Quiz Playlist
Details
Report
Send in Message
Add To Playlist
More Info:
How many of these Alola Pokemon can you name? (Ones not released in English use Japanese names)
Classic:
Type in answers that appear in a list
Last Updated: Feb 16, 2017
Quiz Scoreboard
CHALLENGE
Sign Up to Join the Scoreboard
Show All
Scores
Hide
Comments
May contain spoilers
Recently Published
One Thing in Common: World Cities II
by knightlancer
Geography
7m
Popular People in 1961
by mucciniale
History
6m
1-10 Letter E Words III
by El_Dandy
Language
2m
More to Explore
Quiz From the Vault
Featured Blog Post
Where Did the Easter Bunny Come From?
hide this ad
You Might Also Like...
Tags
Pokémon Quiz
Generation
Seven
Today's Top Quizzes in Gaming
Browse Gaming
hide this ad
Today's Top Quizzes in Pokémon
Browse Pokémon
Top Contributed Quizzes in Gaming
1
Destiny 2 exotic weapons by perk icons
2
Who's on the WWE 2K24 Cover?
3
Windmill: Pokémon
4
Genshin Impact Logic Puzzle
5
Overwatch 2: Ultimate Ability Icons
6
Overwatch 2 Heroes by Selection Quote
7
Genshin murder mystery
8
Legendary or Exotic?
9
Overwatch Logic Puzzle
10
Genshin Impact Logic Puzzle Quiz II
Explore More
Trending Topics
Crossword
Harry Potter
Marvel
Disney
NBA
Kpop
Anime
Song
Pokémon
Puzzle
The Office
Country
WWE
NFL
Soccer
hide this ad
More By:
KingMarf
Quiz
Plays
Rating
Category
Featured
Created
7th Generation Pokemon
235
3.40
Gaming
Jul 17, 2016
Early Game Pokemon
77
5.00
Gaming
Jun 26, 2016
Go to Creator's Profile
Score Distribution
Quiz Creator Spotlight
KingMarf
Follow
Send a Message
Quizzes Created
-
Created Quiz Play Count
-
More By This Creator
Popular Quizzes Today
1
Find the US States - No Outlines Minefield
2
The Countries of the World
3
Popular People in 1961
4
Find the Countries of Europe - No Outlines Minefield
5
1-10 Letter E Words III
6
Find the US States
7
One Thing in Common: World Cities II
8
US States
More Gaming Quizzes
Christmas Pick: Board Games
Quiz Lab
Trending Quizzes
Country Music Stars Doing Things
Get the Picture: Carrie or Dolly
1-10 Letter F Words
1-10 Letter G Words
Risky Map Clicking: Next State Alphabetically
Recently Updated
Leaping Animals
pecheneg
Reality TV Shows (A-Z)
bhenderson79
Rickey Henderson's Hall of Fame Teammates
pecheneg
Champions League XIs: Arsenal
pecheneg
Quick Pick: Celebrities in WWE's Hall of Fame
aduchscher
A-Z Keypad Blitz II
pecheneg
Multiple Oscar Actors
pecheneg
Mystery Phrase Blitz: Oscar 'Best Actors'
pecheneg
F. Scott Fitzgerald Novels
LTH
Pick 3 Villains
ddd62291
Trending Topics
Crossword
NBA
Disney
Harry Potter
Kpop
Marvel
Anime
WWE
Country
The Office
Puzzle
Pokémon
NFL
Soccer
Song
Your Account Isn't Verified!
In order to create a playlist on Sporcle, you need to verify the email address you used during registration. Go to your
Sporcle Settings
to finish the process.
Report this User
Report this user for behavior that violates our
Community Guidelines
.
Details:
Send Report
Go to the Sporcle.com Mobile Site →
Comments